Pokémon - Les attaques de Noadkoko d'Alola - Statistiques

Statistiques générales
  • Ce quiz a été pris 20 fois
    12 depuis la dernière actualisation
  • Le résultat moyen est 12 sur 19
Statistiques - réponses
Niveaux Types Noms des attaques % Correct
Départ Plante Canon Graine
100%
Départ Plante Vampigraine
100%
Départ Plante Balle Graine
80%
Départ Psy Choc Psy
80%
Évolution Dragon Draco-Marteau
80%
Départ Plante Martobois
80%
Départ Psy Choc Mental
60%
Départ Plante Giga-Sangsue
60%
Départ Psy Hypnose
60%
Départ Plante Lance-Soleil
60%
Départ Plante Méga-Sangsue
60%
Départ Psy Protection
60%
Départ Plante Soucigraine
60%
Départ Plante Synthèse
60%
Départ Plante Vole-Vie
60%
Départ Psy Extrasenseur
40%
Départ Plante Tempête Verte
40%
Départ Normal Brouhaha
20%
Réapprentissage Normal Croissance
20%
Aucun quiz correspondant
Distribution des résultats
% des personnes avec chaque résultat
Percentile par nombre de réponses
Votre historique - résultats
Vous n’avez pas pris ce quiz depuis la dernière actualisation